El vaso de agua ó causas y efectos (Record no. 173786)
[ view plain ]
| 000 -LEADER | |
|---|---|
| campo de control de longitud fija | 01182namaa22002417i 4500 |
| 001 - NÚMERO DE CONTROL | |
| campo de control | 173786 |
| 003 - IDENTIFICADOR DE NÚMERO DE CONTROL | |
| campo de control | ES-MaACL |
| 005 - FECHA Y HORA DE LA ÚLTIMA TRANSACCIÓN | |
| campo de control | 20231226140147.0 |
| 008 - DATOS DE LONGITUD FIJA--INFORMACIÓN GENERAL | |
| campo de control de longitud fija | 100119s1841 sp | |||| ||spa d |
| 040 ## - FUENTE DE CATALOGACIÓN | |
| Centro catalogador/agencia de origen | SpMaBN |
| Lengua de catalogación | spa |
| Centro/agencia transcriptor | SpMaBN |
| Normas de descripción | rdc |
| 080 ## - NÚMERO DE LA CLASIFICACIÓN DECIMAL UNIVERSAL | |
| Número de la Clasificación Decimal Universal | 821.133.1-22"18" |
| 100 0# - ENTRADA PRINCIPAL--NOMBRE DE PERSONA | |
| Nombre de persona | Scribe, Eugène. |
| 9 (RLIN) | 104966 |
| 245 13 - MENCIÓN DEL TÍTULO | |
| Título | El vaso de agua ó causas y efectos |
| Resto del título | : comedia en cinco actos y en prosa / |
| Mención de responsabilidad, etc. | escrita en francés por Scribe y traducida por Antonio Gil de Zarate. |
| 246 30 - FORMA VARIANTE DEL TITULO | |
| Título propio/Titulo breve | Causas y efectos |
| 260 ## - PUBLICACIÓN, DISTRIBUCIÓN, ETC. | |
| Lugar de publicación, distribución, etc. | Madrid : |
| Nombre del editor, distribuidor, etc. | [Manuel Delgado], |
| Fecha de publicación, distribución, etc. | 1841 ( |
| Fabricante | Imp. de Yenes) |
| 300 ## - DESCRIPCIÓN FÍSICA | |
| Extensión | 80 p. ; |
| Dimensiones | 18 cm. |
| 700 1# - ENTRADA AGREGADA--NOMBRE PERSONAL | |
| Nombre de persona | Gil y Zárate, Antonio, |
| Fechas asociadas al nombre | 1793-1861 |
| 9 (RLIN) | 56804 |
| 852 ## - LOCALIZACIÓN | |
| Ubicación | ES-MaACL |
| Número de control de estantería | B-8605(3) |
| Nota libre | .- Enc. pasta española |
| condición física | .- Falto de la cub. original |
| Nota libre | .- Enc. en un vol. facticio formando parte de la col. facticia "Teatro español moderno", vol. 60 |
| 852 ## - LOCALIZACIÓN | |
| Ubicación | ES-MaACL |
| Número de control de estantería | F-8605 |
| Nota libre | -- Enc. pasta española, falto de la cub. original |
| -- | -- Enc. en un vol. facticio, formando parte de la col. facticia: "Teatro español moderno" |
| 856 ## - LOCALIZACIÓN Y ACCESO ELECTRÓNICOS | |
| Identificador Uniforme de Recursos | <a href="http://bdh-rd.bne.es/viewer.vm?id=0000131462&page=1 ">http://bdh-rd.bne.es/viewer.vm?id=0000131462&page=1 </a> |
| Nota pública | Biblioteca Digital Hispánica |
| Estatus retirado | Estado de pérdida | Estado de daño | No para préstamo | Colección | Biblioteca de origen | Biblioteca actual | Ubicación en estantería | Fecha de adquisición | Fuente de adquisición | Total de préstamos | Signatura topográfica completa | Código de barras | Visto por última vez | Precio de reemplazo | Tipo de ítem Koha | Fuente del sistema de clasificación o colocación | Restricciones de uso |
|---|---|---|---|---|---|---|---|---|---|---|---|---|---|---|---|---|---|
| Colección digital | Biblioteca del Ateneo de Madrid | Biblioteca del Ateneo de Madrid | Sala Pecera Planta 2 | 17/01/2008 | F-8605 | 1173090 | 23/02/2023 | 23/02/2023 | Libro impreso antiguo | ||||||||
| Biblioteca del Ateneo de Madrid | Biblioteca del Ateneo de Madrid | Sala Pardo Bazán | 19/01/2010 | B-8605(3) | 1182416 | 23/02/2023 | 23/02/2023 | Libro impreso antiguo | Clasificación decimal universal | Duplicado |
